| 000 | 00401cam a22001217a 4500 | ||
|---|---|---|---|
| 008 | 180718b1955 xxu||||| |||| 00| 0 eng d | ||
| 082 | _aQ8708x42 Un3 | ||
| 100 | _aMannheim, Hermann | ||
| 245 |
_aPrediction methods in relation to borstal training _cby Hermann Mannheim And Leslie T. Wilkins |
||
| 260 |
_aLondon _bHer Majesty's Stationery Office _c1955 |
||
| 300 | _a276p. | ||
| 700 | _aWilkins, Leslie T. | ||
| 999 |
_c495798 _d495798 |
||